00921nam a2200193 a 450000100100000000500170001000800410002704000250006808200160009310000290010924501530013826000390029130000280033050000700035870000490042895201140047795201190059199900170071000001633520200929164358.0100303s1981 dr a r 000 0 spa d aDO-SdBNPbspacBNPHU axxxxbM524i1 aMella, Mariano A.93644310aInstituciones no lucrativas :badministración, contabilidad por fondos y control interno /cMariano A. Mella ; prólogo Enrique A. Fernández P. aSanto Domingo :bSolidario,c1981. a227 p. :bil. ;c23 cm. aIncluye datos biográficos del autor en la solapa de la cubierta1 aFernández P. , Enrique A.,epról.936444 0010718PDaPDbPDcHDd2010-03-03iLF1l0oxxxx M524ip16335-10r2020-06-25w2020-06-25yLFPDZNo se presta 0010718PDaPDbPDcHDd2010-04-07iLF1l0oxxxx M524ip16335-20r2020-06-25te.2w2020-06-25yLFPDZNo se presta c15870d15870